000 00376nam a22001577a 4500
003 MPLRDC
005 20220104142951.0
008 210129b ||||| |||| 00| 0 eng d
082 _a415.274 ZJH
100 _a钟家禾编著
245 _a风湿病与关节炎
_c
260 _a
_b华联出版社
_c1982
300 _b
650 _a风湿病
942 _cBK
_o415.274 ZJH
999 _c35345
_d35335